Hilal December-2010 (Record no. 197712)
[ view plain ]
| 000 -LEADER | |
|---|---|
| fixed length control field | 00923 a2200181 4500 |
| 003 - CONTROL NUMBER IDENTIFIER | |
| control field | Nust |
| 005 - DATE AND TIME OF LATEST TRANSACTION | |
| control field | 20170207154437.0 |
| 040 ## - CATALOGING SOURCE | |
| Transcribing agency | Nust |
| 082 ## - DEWEY DECIMAL CLASSIFICATION NUMBER | |
| Classification number | 050 |
| 100 ## - MAIN ENTRY--PERSONAL NAME | |
| Personal name | Maj Gen Athar Abbas,HI(M) |
| 245 ## - TITLE STATEMENT | |
| Title | Hilal December-2010 |
| Statement of responsibility, etc. | Maj Gen Athar Abbas,HI(M) |
| 250 ## - EDITION STATEMENT | |
| Edition statement | 6, Volume 47 |
| 260 ## - PUBLICATION, DISTRIBUTION, ETC. | |
| Place of publication, distribution, etc. | Rawalpindi,Pakistan |
| Name of publisher, distributor, etc. | ISPR Dte |
| Date of publication, distribution, etc. | December-2010 |
| 300 ## - PHYSICAL DESCRIPTION | |
| Extent | English-48 & Urdu-56p; |
| 505 ## - FORMATTED CONTENTS NOTE | |
| Formatted contents note | From the Chief Editor’s Desk (Page-3) Calendar December 2010 (page-4) Quaid Special (page-5) Serous Notes (Page-7) CURRENT Issues (Page-9) Food for Thought (Page-10) Economic Profile (Page-13) Floods 2010(Page-21) View Point (Page-22) Scourge of Terrorism (Page-15) Why Don’t We Learn From History (Page-27) Valiant Heroes (Page-30) Health Watch (Paage-32) Book Corner (Page-34) Miscellanea (Page-36) News, Update and Picture Gallery (Page-40) |
| 538 ## - SYSTEM DETAILS NOTE | |
| System details note | Almirah No.137 Shelf No.5 |
| 651 ## - SUBJECT ADDED ENTRY--GEOGRAPHIC NAME | |
| Geographic name | Pakistan Armed Forces Magazine |
| 942 ## - ADDED ENTRY ELEMENTS (KOHA) | |
| Koha item type | |
| Withdrawn status | Lost status | Source of classification or shelving scheme | Damaged status | Not for loan | Collection code | Permanent Location | Current Location | Date acquired | Total Checkouts | Full call number | Barcode | Date last seen | Price effective from | Koha item type |
|---|---|---|---|---|---|---|---|---|---|---|---|---|---|---|
| Military College of Signals (MCS) | Military College of Signals (MCS) | 12/12/2016 | 050 ABB | MCSP-32/40 | 12/08/2016 | 12/12/2016 | Book |
